000 00633nam a2200217 a 4500
001 000034365
005 20200930073647.0
008 111003s1989 sp a 000 0 spa d
040 _aDO-SdBNP
_bspa
_cBNPHU
082 _aCu861.44
_bG463b
100 1 _aGil, Lourdes
_959789
245 1 0 _aBlanca aldaba preludia /
_cLourdes Gil.
260 _aMadrid, España :
_bBetania,
_c1989.
300 _a44 p. :
_bil. ;
_c21 cm.
490 1 _aBetania de poesía
650 4 _aPoesía cubana
_95226
650 4 _aLiteratura cubana
_91483
830 0 _aBetania de poesía
_917252
910 _aValidado. Control de calidad MFF
049 _aBNGR
999 _c33856
_d33856